ਸ੍ਰੀ ਗੁਰੂ ਗ੍ਰੰਥ ਸਾਹਿਬ ਅਤੇ ਭਾਰਤੀ ਮਿਥ ਪਰੰਪਰਾ (Record no. 1025331)

MARC details
000 -LEADER
fixed length control field 00993nam a2200253Ia 4500
003 - CONTROL NUMBER IDENTIFIER
control field OSt
005 - DATE AND TIME OF LATEST TRANSACTION
control field 20221005112601.0
008 - FIXED-LENGTH DATA ELEMENTS--GENERAL INFORMATION
fixed length control field 221004b |||||||| |||| 00| 0 pan d
020 ## - INTERNATIONAL STANDARD BOOK NUMBER
International Standard Book Number 9789383391882 (hbk)
037 ## - SOURCE OF ACQUISITION
Terms of availability Textual
040 ## - CATALOGING SOURCE
Original cataloging agency CRL
Transcribing agency CRL
Language of cataloging pan
041 ## - LANGUAGE CODE
Source of code pan
Language code of text/sound track or separate title pan
100 ## - MAIN ENTRY--PERSONAL NAME
Personal name ਕੌਰ, ਗਗਨਦੀਪ, ਂਚ.
245 #0 - TITLE STATEMENT
Title ਸ੍ਰੀ ਗੁਰੂ ਗ੍ਰੰਥ ਸਾਹਿਬ ਅਤੇ ਭਾਰਤੀ ਮਿਥ ਪਰੰਪਰਾ
260 ## - PUBLICATION, DISTRIBUTION, ETC.
Place of publication, distribution, etc. ਚੰਡੀਗੜ੍ਹ
Name of publisher, distributor, etc. ਲੋਕਗੀਤ ਪ੍ਰਕਾFਨ ਭਾਰਤ
Date of publication, distribution, etc. 2018
300 ## - PHYSICAL DESCRIPTION
Extent 215ਪ੍ਰ0
Dimensions cm.
650 ## - SUBJECT ADDED ENTRY--TOPICAL TERM
Topical term or geographic name entry element ਸਿੱਖ ਧਰਮ
9 (RLIN) 156314
942 ## - ADDED ENTRY ELEMENTS (KOHA)
Classification part Q8441:21:g, 153Q8
Koha item type Textual
Source of classification or shelving scheme
Holdings
Withdrawn status Lost status Damaged status Not for loan Home library Current library Date acquired Source of acquisition Total Checkouts Total Renewals Full call number Barcode Date due Date last seen Date last checked out Price effective from Koha item type
        Central Library Arts Library 2022-10-05 SP/6267, 11/02/2019, Star Publications Pvt. Ltd. 2 1 Q8441:21:g 153Q8 CL1659208 2026-06-05 2026-04-06 2026-04-06 2022-10-05 Textual
Copyright @ Delhi University Library System